MARC

LEADER 00000nam0a2200000 4500
001 192188
005 20231101224412.0
035 |a (RuTPU)RU\TPU\book\209570 
090 |a 192188 
100 |a 20110221d1980 km y0rusy50 ca 
101 0 |a rus 
102 |a RU 
105 |a a z 001zy 
200 1 |a Колебания простых молекул со связями Si-O  |f А. Н. Лазарев, И. С. Игнатьев, Т. Ф. Тенишева  |g Академия наук СССР (АН СССР), Институт химии силикатов им. И. В. Гребенщикова (ИХС) 
210 |a Ленинград  |c Наука  |d 1980 
215 |a 157 с.  |c ил. 
320 |a Библиография в конце глав. 
606 1 |a Кремнийорганические соединения  |x Химия  |2 stltpush  |3 (RuTPU)RU\TPU\subj\75843  |9 87413 
610 1 |a органическая химия 
610 1 |a кремний 
610 1 |a кремний-кислородные связи 
610 1 |a лиганды 
610 1 |a влияние 
610 1 |a молекулы 
610 1 |a молекулярная спектроскопия 
675 |a 547.1'128  |v 3 
700 1 |a Лазарев  |b А. Н.  |g Андриан Николаевич 
701 1 |a Игнатьев  |b И. С.  |g Игорь Сергеевич 
701 1 |a Тенишева  |b Т. Ф.  |g Тамара Федоровна 
712 0 2 |a Академия наук СССР (АН СССР)  |b Институт химии силикатов им. И. В. Гребенщикова (ИХС)  |c (Ленинград)  |2 stltpush  |3 (RuTPU)RU\TPU\col\11534 
801 1 |a RU  |b 63413507  |c 20110221 
801 2 |a RU  |b 63413507  |c 20170113  |g RCR 
942 |c BK